Protein in human nutrition
Guardat en:
| Autors principals: | , |
|---|---|
| Format: | Llibre |
| Idioma: | anglès |
| Publicat: |
Londres
Academic Press
1973
|
| Matèries: | |
| Etiquetes: |
Afegir etiqueta
Sense etiquetes, Sigues el primer a etiquetar aquest registre!
|
MARC
| LEADER | 00000nam a2200000 a 4500 | ||
|---|---|---|---|
| 001 | UCR5350 | ||
| 003 | CL-VaPUC | ||
| 008 | 980327e19730000UK |||||||||||||||||eng|d | ||
| 082 | 0 | 4 | |a 641.12 |b POR |2 21 |
| 100 | 0 | |a Porter, J. W. G |e author |9 406164 | |
| 700 | 0 | |a Rolls, B. A |e author |9 406165 | |
| 245 | 1 | 0 | |a Protein in human nutrition |
| 300 | |a 560 p | ||
| 942 | |c BK | ||
| 945 | |d 19980327 00:00:00 |a crobeson | ||
| 260 | |a Londres |b Academic Press |c 1973 | ||
| 650 | 0 | |a Nutrición |9 259434 | |
| 650 | 0 | |a Alimentación |9 334197 | |
| 650 | 7 | |a PROTEINAS |2 CL-VaPUC |9 406166 | |
| 650 | 7 | |a RECURSOS ALIMENTARIOS |2 CL-VaPUC |9 406167 | |
| 650 | 7 | |a PROTEINAS ANIMALES |2 CL-VaPUC |9 406168 | |
| 650 | 0 | |a Proteínas vegetales |9 406169 | |
| 650 | 7 | |a TECNOLOGIA DE ALIMENTOS |2 CL-VaPUC |9 406170 | |
| 583 | |a last modification |c 19980327 00:00:00 |k Rodrigo Vera | ||
| 999 | |c 267960 |d 267958 | ||
| 952 | |0 0 |1 0 |4 0 |6 641_120000000000000_POR_1973 |7 0 |8 A |9 300809 |a BIBALI |b BIBALI |d 2019-11-20 |i 1973525 |o 641.12 POR 1973 |p 1973525 |r 2025-01-20 |w 2019-11-20 |y BK |k ALI | ||